MARC

LEADER 00000nam0a2200000 4500
001 364806
005 20231102011726.0
035 |a (RuTPU)RU\TPU\retro\22169 
090 |a 364806 
100 |a 20211129d1981 k y0rusy50 ca 
101 0 |a rus 
102 |a US 
105 |a a z 001zy 
200 1 |a Качественная теория оптимальных систем с непрерывно-дискретными параметрами  |e сборник научных трудов  |f Академия наук Украинской ССР, Институт кибернетики 
210 |a Киев  |c Наукова думка  |d 1981 
215 |a 148 с.  |c ил. 
320 |a Библиогр. в конце кн. 
606 1 |a Динамические системы  |x Автоматика  |2 stltpush  |3 (RuTPU)RU\TPU\subj\39072  |9 59288 
610 1 |a оптимальные системы 
610 1 |a качественная теория 
610 1 |a непрерывные папаметры 
610 1 |a дифференциальные уравнения 
610 1 |a интегральные уравнения 
610 1 |a математическая физика 
610 1 |a оптимизация 
610 1 |a теория 
610 1 |a качественная теория 
675 |a 681.51.033  |v 4 
712 0 2 |a Академия наук Украинской ССР  |b Институт кибернетики  |c (Киев)  |c (1962-1991)  |2 stltpush  |3 (RuTPU)RU\TPU\col\11437  |9 25095 
801 1 |a RU  |b 63413507  |c 20211129 
942 |c BK